Spoločensky zodpovedný environmentálny marketing pre MSP

Salvato in:
Dettagli Bibliografici
Autore principale: Urblíková, Daniela
Altri autori: Andrejčíková, Mária
Natura: Capitolo di libro
Lingua:slovacco
Tags: Aggiungi Tag
Nessun Tag, puoi essere il primo ad aggiungerne!!

MARC

LEADER 00000nla$a2200000$$$4500
001 0143143
005 20240502072551.3
041 0 |a slo 
044 |a SK 
245 1 0 |a Spoločensky zodpovedný environmentálny marketing pre MSP  |c Daniela Urblíková, Mária Andrejčíková 
500 |a Abstrakt 
100 1 |a Urblíková, Daniela 
700 1 |a Andrejčíková, Mária